000 00667nam a2200193 4500
003 CO-ViMGA
020 _a978-958-8826-22-6
040 _aCO-ViMGA
_bspa
_cCO-ViMGA
082 0 4 _a862.3
_bC15v
100 1 _aCalderón de la Barca, Pedro,
_d1600-1681
_97787
245 1 0 _aLa vida es sueño /
_cPedro Calderón de la Barca
260 _aBogotá :
_bMundo Litográfico,
_c2014
300 _a95 p. : il. ;
_b22 cm
490 _aColección obras literarias universales ;
_v20
500 _aContiene datos biográficos del autor
650 1 4 _aCalderón de la Barca, Pedro, 1600-1681
_xBiografías
_97788
650 1 4 _aTeatro español
_ySiglo XVI
_97789
942 _2ddc
_cBK
999 _c37796
_d37796